LEADER 00927nam0-2200313---450- 001 990009221160403321 005 20100914091654.0 035 $a000922116 035 $aFED01000922116 035 $a(Aleph)000922116FED01 035 $a000922116 100 $a20100913d1969----km-y0itay50------ba 101 0 $aita 102 $aIT 105 $a--------001yy 200 1 $aQuestione nazionale e socialismo$econtributo allo studio del pensiero di K. Renner e O. Bauer$fArduino Agnelli 210 $aBologna$cil Mulino$d1969 215 $a249 p.$d22 cm 225 1 $aSaggi$v83 610 0 $aNazionalismo$aAustria$aSec. 20. 676 $a320.5409436 700 1$aAgnelli,$bArduino$f<1932- >$0125662 801 0$aIT$bUNINA$gREICAT$2UNIMARC 901 $aBK 912 $a990009221160403321 952 $a320.54 AGN 1$bBibl.46682$fFLFBC 959 $aFLFBC 996 $aQuestione nazionale e socialismo$9776794 997 $aUNINA LEADER 01233oam 2200433 450 001 9910714285503321 005 20181102085303.0 035 $a(CKB)4970000000051361 035 $a(OCoLC)760110658 035 $a(EXLCZ)994970000000051361 100 $a20111109d1991 ua 0 101 0 $aeng 135 $aurun||||a|a|| 181 $ctxt$2rdacontent 182 $cc$2rdamedia 183 $acr$2rdacarrier 200 00$aServing the Congress 205 $aRevised 4/91. 210 1$aWashington, D.C. :$c[General Accounting Office],$d1991. 215 $a1 online resource (20 pages) $cillustrations 517 $aServing the Congress 517 $aServing The Congress And The Nation 606 $aLegislative oversight$zUnited States 606 $aGovernmental investigations$zUnited States 615 0$aLegislative oversight 615 0$aGovernmental investigations 712 02$aUnited States.$bGeneral Accounting Office, 801 0$bOCLCE 801 1$bOCLCE 801 2$bOCLCQ 801 2$bOCLCF 801 2$bOCLCQ 801 2$bOCLCO 801 2$bOCLCQ 801 2$bGPO 906 $aDOCUMENT 912 $a9910714285503321 996 $aServing the Congress$93299323 997 $aUNINA